<?xml version="1.0" encoding="UTF-8"?>
<record
    xmlns:xsi="http://www.w3.org/2001/XMLSchema-instance"
    xsi:schemaLocation="http://www.loc.gov/MARC21/slim http://www.loc.gov/standards/marcxml/schema/MARC21slim.xsd"
    xmlns="http://www.loc.gov/MARC21/slim">

  <leader>01071nam a22002297a 4500</leader>
  <controlfield tag="005">20100723100918.0</controlfield>
  <datafield tag="010" ind1=" " ind2=" ">
    <subfield code="a">HIN-89790</subfield>
  </datafield>
  <datafield tag="020" ind1=" " ind2=" ">
    <subfield code="c">150.00</subfield>
  </datafield>
  <datafield tag="035" ind1=" " ind2=" ">
    <subfield code="a">HN-62136</subfield>
  </datafield>
  <datafield tag="037" ind1=" " ind2=" ">
    <subfield code="b">DBAD/PUB</subfield>
  </datafield>
  <datafield tag="082" ind1=" " ind2=" ">
    <subfield code="a">821</subfield>
  </datafield>
  <datafield tag="100" ind1=" " ind2=" ">
    <subfield code="a">&#x92A;&#x941;&#x930;&#x94B;&#x939;&#x93F;&#x924;, &#x928;&#x932;&#x93F;&#x928;&#x940;</subfield>
    <subfield code="9">860</subfield>
  </datafield>
  <datafield tag="245" ind1=" " ind2=" ">
    <subfield code="a">&#x938;&#x94C;&#x902;&#x927;&#x940; &#x92E;&#x939;&#x915;:</subfield>
    <subfield code="c">&#x928;&#x932;&#x93F;&#x928;&#x940; &#x92A;&#x941;&#x930;&#x94B;&#x939;&#x93F;&#x924;</subfield>
    <subfield code="b">&#x915;&#x93E;&#x935;&#x94D;&#x92F; &#x938;&#x902;&#x917;&#x94D;&#x930;&#x939; /</subfield>
  </datafield>
  <datafield tag="246" ind1=" " ind2=" ">
    <subfield code="a">Saundhi mahak</subfield>
    <subfield code="b">by Nalini Purohit</subfield>
  </datafield>
  <datafield tag="260" ind1=" " ind2=" ">
    <subfield code="a">&#x905;&#x939;&#x92E;&#x926;&#x93E;&#x92C;&#x93E;&#x926;</subfield>
    <subfield code="b">&#x930;&#x93E;&#x939;&#x941;&#x932; &#x92A;&#x94D;&#x930;&#x915;&#x93E;&#x936;&#x928;</subfield>
    <subfield code="c">2009</subfield>
  </datafield>
  <datafield tag="270" ind1=" " ind2=" ">
    <subfield code="a">&#x938;&#x940;-74, &#x938;&#x93E;&#x908;&#x902;&#x927;&#x93E;&#x92E; &#x91F;&#x947;&#x928;&#x93E;&#x92E;&#x947;&#x928;&#x94D;&#x91F;, &#x935;&#x938;&#x94D;&#x924;&#x94D;&#x930;&#x93E;&#x932; &#x930;&#x94B;&#x921;</subfield>
    <subfield code="b">&#x905;&#x939;&#x92E;&#x926;&#x93E;&#x92C;&#x93E;&#x926;</subfield>
    <subfield code="e">382418</subfield>
    <subfield code="k">65444460,  9276258760</subfield>
  </datafield>
  <datafield tag="300" ind1=" " ind2=" ">
    <subfield code="a">140&#x92A;&#x943;.</subfield>
    <subfield code="b">22&#x938;&#x947;&#x92E;&#x940; (&#x938;&#x91C;&#x93F;&#x932;&#x94D;&#x926;)</subfield>
    <subfield code="c">&#x938;&#x91A;&#x93F;&#x924;&#x94D;&#x930;</subfield>
  </datafield>
  <datafield tag="650" ind1=" " ind2=" ">
    <subfield code="a">&#x939;&#x93F;&#x928;&#x94D;&#x926;&#x940; &#x915;&#x935;&#x93F;&#x924;&#x93E;</subfield>
    <subfield code="9">697</subfield>
  </datafield>
  <datafield tag="650" ind1=" " ind2=" ">
    <subfield code="a">Hindi Poetry</subfield>
    <subfield code="9">698</subfield>
  </datafield>
  <datafield tag="942" ind1=" " ind2=" ">
    <subfield code="2">ddc</subfield>
    <subfield code="c">HN</subfield>
    <subfield code="h">821</subfield>
    <subfield code="m">&#x92A;&#x941;&#x930;&#x94B;&#x939;&#x93F;</subfield>
  </datafield>
  <datafield tag="999" ind1=" " ind2=" ">
    <subfield code="c">37299</subfield>
    <subfield code="d">37299</subfield>
  </datafield>
  <datafield tag="952" ind1=" " ind2=" ">
    <subfield code="0">0</subfield>
    <subfield code="1">0</subfield>
    <subfield code="4">0</subfield>
    <subfield code="7">1</subfield>
    <subfield code="8">NFIC</subfield>
    <subfield code="a">DBAD</subfield>
    <subfield code="b">DBAD</subfield>
    <subfield code="d">2010-07-23</subfield>
    <subfield code="e">DBAD / PUB</subfield>
    <subfield code="g">150.00</subfield>
    <subfield code="l">0</subfield>
    <subfield code="o">821-&#x92A;&#x941;&#x930;&#x94B;&#x939;&#x93F;</subfield>
    <subfield code="p">HIN-62136</subfield>
    <subfield code="r">2010-07-23 00:00:00</subfield>
    <subfield code="v">150.00</subfield>
    <subfield code="w">2010-07-23</subfield>
    <subfield code="y">HN</subfield>
  </datafield>
</record>
